000 01638nam a22002297a 4500
003 NALT
005 20250124161530.0
008 241224b th ||||| |||| 00| 0 eng d
040 _aNALT
086 _aนร 07 3.1 352.4 2025
110 2 _aOffice of the Prime Minister.
_bThe Bureau of the Budget
_98552
245 1 0 _aThailand's Budget in Brief Fiscal Year 2025 /
_cThe Bureau of the Budget Office of the Prime Minister.
260 _aBangkok :
_bThe Bureau of the Budget,
_c2024.
300 _a131 p. :
_btable, chart ;
_c21 cm.
505 2 _aPart I highlights of the FY 2025 budget -- 1. Economic outlook for FY 2025 -- 2. FY 2025 budget policy -- 3. Budget structure -- 4. Expenditures classifies by group -- 5. Strategy for the FY 2025 budget allocation -- 6. Budget appropriations classified by object of expenditures -- Part II estimated receipts -- 1. Revenue -- 2. Borrowings -- Part III budget expenditures -- 1. The functional and economic classification of expenditures -- 2. Expenditures classified by budget structure -- 3. Expenditures classified by ministry and receiving agency -- 4. Budget appropriation for the local administrative organizations -- 5. Multi - year commitment budget -- Part IV government finance -- 1. Financial outlook -- 2. Public debt -- 3. Foreign aid.
650 4 _aBudget
_zThailand
_y2025
_965325
856 4 0 _uhttps://www.bb.go.th/en/topic-detail.php?id=17246&mid=456&catID=0
942 _cGOV
_2local
996 _apitikan.s
_bCATSTF
_c2024-12-24
996 _ajamriang.p
_bCATSTF
_c2024-12-26
999 _c106225
_d106225
998 _j1020
_k นางจำเรียง ระวังสำโรง